| 000 | 00538 a2200169 4500 | ||
|---|---|---|---|
| 005 | 20250506134751.0 | ||
| 020 | _a0-07-282107-8 | ||
| 082 | _aLECT 305.42 CRA | ||
| 100 | _aCRAWFORD, M. | ||
| 245 | _aWomen and Gender: A feminist Phycology. | ||
| 250 | _a4th Ed | ||
| 260 |
_aLondon, _bMcGrwaw Hill, _c2004. |
||
| 300 |
_axxii, 526p.: ill.; figures, graphs, picture, tables, _bindex, References, _c23cm. |
||
| 700 | _aUNGER, R. | ||
| 856 |
_yAccess online Book _fWomen and Gender: A feminist Phycology. _dwww.mhhe.com |
||
| 942 |
_2ddc _cBKS |
||
| 999 |
_c2036 _d2036 |
||